000 00792cam a2200193 i 4500
005 20260122092229.0
008 250721s2024 ua gr 000 0 ara d
020 _a9789778643398
082 1 4 _a344.041
_bي و س
100 1 _aيوسف، أمير فرج
_eمؤلف.
245 1 2 _aالجديد في العقد الطبي :
_bطبقا لما استقر عليه الفقه والقضاء (دراسة مقارنة ) /
_cالدكتور امير فرج يوسف.
250 _aالطبعة الاولى.
264 3 1 _aالاسكندرية :
_bمؤسسة المعرفة للنشر و التوزيع،
_c2024.
300 _a290 صفحة.
650 1 7 _aقانون الصحة العامة.
650 1 7 _aالافراد الطبيون.
942 _2ddc
_cBK
999 _c146335
_d146335